CHEMISTRY / (Record no. 616973)
[ view plain ]
| 000 -LEADER | |
|---|---|
| fixed length control field | 00348nam a22001457a 4500 |
| 020 ## - INTERNATIONAL STANDARD BOOK NUMBER | |
| Qualifying information | HB. |
| 040 ## - CATALOGING SOURCE | |
| Transcribing agency | FIZZA ISHAQ |
| 082 ## - DEWEY DECIMAL CLASSIFICATION NUMBER | |
| Classification number | 540 |
| Author Mark | RAY |
| 100 ## - MAIN ENTRY--PERSONAL NAME | |
| Personal name | CHANG,RAYMOND. |
| 9 (RLIN) | 19841 |
| 245 ## - TITLE STATEMENT | |
| Title | CHEMISTRY / |
| Statement of responsibility, etc. | RAYMOND CHANG. |
| 250 ## - EDITION STATEMENT | |
| Edition statement | 10th ED. |
| 260 ## - PUBLICATION, DISTRIBUTION, ETC. | |
| Place of publication, distribution, etc. | NEW YORK ; |
| Name of publisher, distributor, etc. | Mc GRAW HILL, |
| Date of publication, distribution, etc. | 2010. |
| 300 ## - PHYSICAL DESCRIPTION | |
| Extent | 1085 P. ; |
| Dimensions | 10.6X8.4IN |
| 942 ## - ADDED ENTRY ELEMENTS (KOHA) | |
| Source of classification or shelving scheme | |
| Koha item type | Book |
| Withdrawn status | Lost status | Source of classification or shelving scheme | Damaged status | Not for loan | Permanent Location | Current Location | Shelving location | Date acquired | Total Checkouts | Full call number | Barcode | Date last seen | Price effective from | Koha item type |
|---|---|---|---|---|---|---|---|---|---|---|---|---|---|---|
| NUST Baluchistan Campus (NBC) | NUST Baluchistan Campus (NBC) | Text Books | 04/13/2026 | 540 RAY | QD-295 | 04/13/2026 | 04/13/2026 | Book |
